| 000 | 00738cab a2200241 4500 | ||
|---|---|---|---|
| 001 | ABS59521 | ||
| 008 | 090401t1998 xxu||||| |||| 00| 0 eng d | ||
| 035 | _a(Sirsi) u89260 | ||
| 041 | _aeng | ||
| 100 | _aHall, B. | ||
| 245 | _aRough justice for public inquiry appellants | ||
| 260 | _c1998 | ||
| 350 | _a0 | ||
| 490 |
_aProperty Week _v63(24) 9 October 1998, 42(1) |
||
| 520 | _aDiscusses a DETR paper which proposes recovering a substantial amount of the cost of public inquiries from applicants and appellants, even when they win the case. | ||
| 650 | _aCOSTS | ||
| 650 | _aDETR | ||
| 650 | _aPLANNING ISSUES | ||
| 650 | _aPUBLIC INQUIRIES | ||
| 690 | _aPLANNING LAW AND PRACTICE | ||
| 942 | _n0 | ||
| 948 | _c23/10/1998 | ||
| 999 |
_c56453 _d56453 |
||